| 000 | 02101cam a2200613 4500 | ||
|---|---|---|---|
| 001 | J1642 | ||
| 008 | 090401t1989 xxu||||| |||| 00| 0 eng d | ||
| 035 | _a(Sirsi) u44601 | ||
| 041 | _aeng | ||
| 050 |
_a624.08 _c18 |
||
| 110 |
_aFederation Internationale des Ingenieurs-Conseils _9764 |
||
| 245 | _aGuide to the use of FIDIC Conditions of Contract for Works of Civil Engineering Construction. | ||
| 250 | _a4th ed. | ||
| 260 |
_aLausanne _bFIDIC _c1989 |
||
| 300 |
_a(261)p. _c24cm. |
||
| 350 | _a55 | ||
| 505 | _aTendering procedure | ||
| 505 | _aThe parties to the contract | ||
| 505 | _aThe engineer | ||
| 505 | _aCommentary on the conditions | ||
| 505 | _aDefinitions and interpretation | ||
| 505 | _aEngineer and engineer's representative | ||
| 505 | _aAssignment and subcontracting | ||
| 505 | _aContract documents | ||
| 505 | _aGeneral obligations | ||
| 505 | _aAllocation of responsibility and insurance obligations | ||
| 505 | _aInsurances arranged by employer | ||
| 505 | _aOther obligations of the contractor | ||
| 505 | _aLabour | ||
| 505 | _aMaterials, plant and workmanship | ||
| 505 | _aSuspension | ||
| 505 | _aCommencement and delays | ||
| 505 | _aDefects liability | ||
| 505 | _aAlterations, additions and omissions | ||
| 505 | _aProcedure for claims | ||
| 505 | _aContractor's equipment, temporary works and materials | ||
| 505 | _aMeasurement | ||
| 505 | _aProvisional sums | ||
| 505 | _aNominated subscontractors | ||
| 505 | _aCertificates of payment | ||
| 505 | _aRemedies | ||
| 505 | _aSpecial risks | ||
| 505 | _aRelease from performance | ||
| 505 | _aSettlement of disputes | ||
| 505 | _aNotices | ||
| 505 | _aDefault of employer | ||
| 505 | _aChanges in cost and legislation | ||
| 505 | _aCurrency and rates of exchange | ||
| 505 | _aPossible supplementary clauses | ||
| 650 | _aFIDIC CONDITIONS OF CONTRACT FOR | ||
| 690 | _aBUILT ENVIRONMENT-BUILDING CONTRACT FORMS-STANDARD FORMS OF BUILDING CONTRACT-INTERNATIONAL FEDERATION OF CONSULTING ENGINEERS CONTRACTS | ||
| 942 | _n0 | ||
| 948 | _c04/03/1997 | ||
| 999 |
_c91564 _d91564 |
||